00649nam a2200133Ia 4500008004100000100002300041245012900064245016700193260005300360260001800413300000800431650001500439856006100454170221s9999 xx 000 0 und d aTatyana N. Petrova aIntellectual Resource for Professional Culture Formation of a High School Student - Future Specialist for Modern Production  cTatyana N. Petrova, Oleg I. Efimov, Galina P. Zakharova, Stanislav A. Mikhailov, Svetlana N. Fedorova, Elena P. Kartashova, Albina N. Kudyasheva, Olga V. Chernova bInternational Review of Management and Marketing cDecember 2014 a6:2 xMarketing. uhttp://www.econjournals.com/index.php/irmm/issue/view/71